Cracking the GMAT CAT (Record no. 34181)

000 -LEADER
fixed length control field 00310nam a22001337a 4500
020 ## - INTERNATIONAL STANDARD BOOK NUMBER
International Standard Book Number 0679778969
082 ## - DEWEY DECIMAL CLASSIFICATION NUMBER
Classification number 378.1662
100 ## - MAIN ENTRY--PERSONAL NAME
Personal name Martz, Geoff
245 ## - TITLE STATEMENT
Title Cracking the GMAT CAT
260 ## - PUBLICATION, DISTRIBUTION, ETC.
Place of publication, distribution, etc. New York :
Name of publisher, distributor, etc. The Princeton Review,
Date of publication, distribution, etc. 1998.
300 ## - PHYSICAL DESCRIPTION
Extent 406 p. ;
Other physical details 28 cm.
500 ## - GENERAL NOTE
General note Paperback.
942 ## - ADDED ENTRY ELEMENTS (KOHA)
Koha item type Book
Holdings
Withdrawn status Lost status Source of classification or shelving scheme Damaged status Not for loan Permanent Location Current Location Shelving location Date acquired Full call number Barcode Date last seen Price effective from Koha item type
          School of Mechanical & Manufacturing Engineering (SMME) School of Mechanical & Manufacturing Engineering (SMME) Book Bank 08/01/2016 378.1662 SMME-BB283 04/02/2018 08/01/2016 Book
© 2023 Central Library, National University of Sciences and Technology. All Rights Reserved.